000 01016nam a22002297a 4500
999 _c11290
_d11290
003 AR-CdUCM
008 190403b ||||| |||| 00| 0 spa d
040 _aMUNICIPALIDAD PROVINCIAL DEL CUSCO
_cBIBLIOTECA MUNICIPAL DEL CUSCO
082 _a346 /
_bD99
100 _aD´aguanno, José
_928586
245 _aLa reforma integral de la legislación civil /
260 _aMadrid :
_bLa España moderna.
300 _a206 paginas ;
_c22 cm.
440 _aBiblioteca de jurisprudencia, filosofía e historia
_928377
505 _aContenido :Las primeras criticas al código Napoleón por parte de filósofos y economistas -- La escuela histórica en el derecho y en la economía política -- El código Italiano y la ciencia -- Indagación de la norma directriz de la reforma legislativa --
650 _aDerecho civil
_97386
650 _aAntropología científica
_921637
650 _aEvolución jurídica
_928587
700 _aDorado Montero, Pedro (Traductor)
_928588
942 _2ddc
_cLIBROS
945 _awnts